| 000 | 01105nam a22002417a 4500 | ||
|---|---|---|---|
| 001 | 9577 | ||
| 003 | FISKH | ||
| 005 | 20260123154008.0 | ||
| 008 | 260123b cb ||||| |||| 00| 0 eng d | ||
| 020 | _a9780702310928 | ||
| 040 |
_aFISKH _beng _cFISKH _dFISKH |
||
| 050 | _aPZ7.7 .P53 .C | ||
| 082 | _a741.5 | ||
| 100 | _aPilkey , Dav | ||
| 245 |
_aCat kid comic club : _bFrom the creator of dog man / _cWritten & Illustrated by Dav Pilkey : As George Beard and Harold Hutchins with color by Jose Graibaldi |
||
| 260 |
_aNew York : _bScholastic , _c2020. |
||
| 300 |
_a173 pages : _bcolor illustrations ; _c22 cm . |
||
| 490 | _aCat kid comic club | ||
| 520 | _aWelcome to the Cat Kid Comic Club, where Li'l Petey (LP), Flippy, and Molly introduce 21 funny and talented baby frogs to the art of comic making. Readers of all ages will unleash their own creativity as they open the door to visual comic book storytelling with the help of Dav Pilkey and his heartfelt, humorous, and amazing cast of characters | ||
| 650 |
_aSuperheroes _vComics & Graphic Novels |
||
| 942 |
_2ddc _cBK _n0 |
||
| 999 |
_c9577 _d9577 |
||